01160nam a2200277Ia 450000500170000000800410001702000180005808200160007624502420009225000190033430000250035350000470037865000560042565000550048165000510053670000380058770000230062570000290064870000270067770000290070426400260073333600270075933700330078633800280081904000350084720220317001412.0161108s2008 ck g 000 0 spa  a978958644119304a323.04bD2703aEl despertar de la palabrabescrituras en torno a derechos humanos, currículo y transformación socialcCarolay López González... [y otros dieciocho] ; editoresbManuel Prada Londoño, Dairo Sánchez Mojica, Johan Torres Cotrino a1a. edición  a177 páginasc24 cm aIncluye datos biográficos de los autores142LEMBaDerechos humanos xEnsayos, Conferencias, Etc142LEMBaDerechos CivilesxEnsayos, Conferencias, Etc142LEMBaConvivencia xEnsayos, Conferencias, Etc1 aLópez González, Carolay Prada1 aLondoño, Manuel 1 aSánchez Mojica, Dairo 1 aTorres Cotrino, Johan 1 aPrada Londoño, Manuel  aBogotábCINEPc2008 atextobtxt2rdacontent asin mediaciónbn2rdamedia avolumenbnc2rdacarrier aCO-BoRNBPbspaerdacCO-BoRNBP